De cómo decidí convertirme en hermano mayor

Salvato in:
Dettagli Bibliografici
Autore principale: Inkiow, Dimiter (Autore)
Natura: Libro
Lingua:spagnolo
Pubblicazione: Bogotá Norma 1991
Serie:Torre de Papel
Soggetti:
Tags: Aggiungi Tag
Nessun Tag, puoi essere il primo ad aggiungerne!!

MARC

LEADER 00000nam a2200000 a 4500
001 UCH7298
003 CL-VaPUC
008 091109e19910000ck |||||||||||||||||spa|d
020 |a 958041307X 
082 0 4 |a 833  |b INK  |2 21 
100 |a Inkiow, Dimiter  |e author  |9 547540 
245 1 0 |a De cómo decidí convertirme en hermano mayor 
300 |a 106 p 
942 |c BK 
945 |d 20091109 00:00:00  |a ccalabra 
260 |a Bogotá  |b Norma  |c 1991 
650 0 |a Literatura  |9 259151 
650 0 |a Literatura alemana   |9 265457 
650 0 |a Literatura infantil   |9 307465 
650 0 |a Literatura juvenil   |9 309909 
650 7 |a ESCRITORES ALEMANES  |2 CL-VaPUC  |9 449823 
650 0 |a Ficción   |9 376687 
650 0 |a Lectura  |9 307634 
650 0 |a Narrativa  |9 336727 
651 0 |a Alemania  |9 255688 
583 |a last modification  |c 20171128 02:41:54  |k Rodrigo Vera 
490 0 |a Torre de Papel 
999 |c 337954  |d 337952